Revista Construcciones (Registro nro. 8649)

Detalles MARC
000 -LEADER
fixed length control field 00969nas a2200265 454500
001 - CONTROL NUMBER
control field 28411
005 - DATE AND TIME OF LATEST TRANSACTION
control field 20260407193507.0
008 - FIXED-LENGTH DATA ELEMENTS--GENERAL INFORMATION
fixed length control field 260407s1939####ag###########|||spa#d
003 - CONTROL NUMBER IDENTIFIER
control field AR-UNSa-BCEJYS
040 ## - CATALOGING SOURCE
Original cataloging agency AR-UNSa-BCEJYS
Language of cataloging spa
Transcribing agency AR-UNSa-BCEJYS
080 ## - UNIVERSAL DECIMAL CLASSIFICATION NUMBER
Universal Decimal Classification number 69
Common auxiliary subdivision Materiales de construcción. Prácticas y procedimientos de construcción
022 ## - INTERNATIONAL STANDARD SERIAL NUMBER
International Standard Serial Number 0366-8134
100 1# - MAIN ENTRY--PERSONAL NAME
Personal name Camara Argentina de la Construcción
245 10 - TITLE STATEMENT
Title Revista Construcciones
264 #1 - PRODUCTION, PUBLICATION, DISTRIBUTION, MANUFACTURE, AND COPYRIGHT NOTICE
Place of production, publication, distribution, manufacture Buenos Aires :
Name of producer, publisher, distributor, manufacturer Camara Argentina de la Construcción
Date of production, publication, distribution, manufacture, or copyright notice 1939
310 ## - CURRENT PUBLICATION FREQUENCY
Current publication frequency Frecuencia: Irregular
590 ## - LOCAL NOTE (RLIN)
Local note niveau_biblio:s niveau_hierar:1
650 ## - SUBJECT ADDED ENTRY--TOPICAL TERM
Topical term or geographic name entry element Arquitectura
650 ## - SUBJECT ADDED ENTRY--TOPICAL TERM
Topical term or geographic name entry element Materiales de construcción
650 ## - SUBJECT ADDED ENTRY--TOPICAL TERM
Topical term or geographic name entry element Industria de la construcción
650 ## - SUBJECT ADDED ENTRY--TOPICAL TERM
Topical term or geographic name entry element Obras públicas
700 1# - ADDED ENTRY--PERSONAL NAME
Personal name Gonzalez Taboada, Marcial
856 41 - ELECTRONIC LOCATION AND ACCESS
Uniform Resource Identifier <a href="https://biblioeco.unsa.edu.ar/pmb/images/revistas/Construcciones Mayo-Junio-Julio-Agosto de 1984-r13740.jpg">https://biblioeco.unsa.edu.ar/pmb/images/revistas/Construcciones Mayo-Junio-Julio-Agosto de 1984-r13740.jpg</a>
Link text Imagen de portada
Electronic format type image/jpeg
942 ## - ADDED ENTRY ELEMENTS (KOHA)
Koha item type
Existencias
Withdrawn status Lost status Damaged status Not for loan Home library Current library Shelving location Date acquired Serial enumeration / chronology Total checkouts Full call number Barcode Date last seen Price effective from Koha item type
        Biblioteca Prof. Eusebio Cleto del Rey Biblioteca Prof. Eusebio Cleto del Rey   01/12/1986 Nº 314 - dic. 1986   H69 CON 314 R13750 10/04/2026 10/04/2026 Numero
        Biblioteca Prof. Eusebio Cleto del Rey Biblioteca Prof. Eusebio Cleto del Rey   01/06/1986 Nº 313 - jun. 1986   H69 CON 313 R13749 10/04/2026 10/04/2026 Numero
        Biblioteca Prof. Eusebio Cleto del Rey Biblioteca Prof. Eusebio Cleto del Rey   01/10/1985 Nº 312 - oct. 1985   H69 CON 312 R13748 10/04/2026 10/04/2026 Numero
        Biblioteca Prof. Eusebio Cleto del Rey Biblioteca Prof. Eusebio Cleto del Rey   01/01/1985 Nº 311 - ene./abr. 1985   H69 CON 311 R13747 10/04/2026 10/04/2026 Numero
        Biblioteca Prof. Eusebio Cleto del Rey Biblioteca Prof. Eusebio Cleto del Rey   01/09/1984 Nº 309/310 - sep./dic. 1984   H69 CON 309/10 R13746 10/04/2026 10/04/2026 Numero
        Biblioteca Prof. Eusebio Cleto del Rey Biblioteca Prof. Eusebio Cleto del Rey   01/05/1984 Nº 307/308 - mayo/ago. 1984   H69 CON 307/8 R13740 10/04/2026 10/04/2026 Numero